Perspektivy sociální pedagogiky v 21. století : konference pořádaná na počest významného životního jubilea prof. PhDr. Blahoslava Krause, CSc. : sborník příspěvků z mezinárodní konference konané v Hradci Králové ve dnech 4. a 5. října 2013 /

Korporativní autor: Univerzita Hradec Králové. Pedagogická fakulta
Další autoři: Perspektivy sociální pedagogiky v 21. století (konference), Svoboda Hoferková, Stanislava, Kalibová, Petra, Pelcák, Stanislav
Jazyk: Slovenština
Polština
Čeština
Vydáno: Hradec Králové : Gaudeamus, 2014
Vydání: Vyd. 1.
Témata:
Fyzický popis: 395 s. ; 21 cm
Language note: Část. polský a slovenský text, česká, anglická, polská a slovenská resumé
Knihy
Uloženo v:
LEADER 02093nam a2200457 a 4500
001 nkc20142614456
003 CZ PrNK
005 20141208112237.0
007 ta
008 140821s2014 xr e 100 0 cze
015 |a cnb002614456 
020 |a 978-80-7435-407-6  |q (brož.) 
035 |a (OCoLC)897868937 
040 |a OLA001  |b cze  |d ABA001 
041 0 |a cze  |a pol  |a slo  |b cze  |b eng  |b pol  |b slo 
045 |a y0y1 
072 7 |a 37  |x Výchova a vzdělávání  |2 Konspekt  |9 22 
080 |a 37.013.42  |2 MRF 
080 |a (062.534)  |2 MRF 
111 2 |a Perspektivy sociální pedagogiky v 21. století (konference)  |d (2013 :  |c Hradec Králové, Česko)  |7 olak2014843443 
245 1 0 |a Perspektivy sociální pedagogiky v 21. století :  |b konference pořádaná na počest významného životního jubilea prof. PhDr. Blahoslava Krause, CSc. : sborník příspěvků z mezinárodní konference konané v Hradci Králové ve dnech 4. a 5. října 2013 /  |c [editoři Stanislava Hoferková, Petra Kalibová, Stanislav Pelcák] 
250 |a Vyd. 1. 
260 |a Hradec Králové :  |b Gaudeamus,  |c 2014 
300 |a 395 s. ;  |c 21 cm 
500 |a Nad názvem: Univerzita Hradec Králové, Pedagogická fakulta 
504 |a Obsahuje bibliografie a bibliografické odkazy 
546 |a Část. polský a slovenský text, česká, anglická, polská a slovenská resumé 
648 7 |a 21. století  |7 ch460559  |2 czenas 
650 0 7 |a sociální pedagogika  |7 ph116207  |y 21. století  |2 czenas 
650 0 9 |a social pedagogy  |y 21st century  |2 eczenas 
655 7 |a sborníky konferencí  |7 fd133333  |2 czenas 
655 9 |a proceedings of conferences  |2 eczenas 
700 1 |a Svoboda Hoferková, Stanislava  |7 ola2008455704  |4 edt 
700 1 |a Kalibová, Petra  |7 hka2014842807  |4 edt 
700 1 |a Pelcák, Stanislav  |7 ola2003206351  |4 edt 
710 2 |a Univerzita Hradec Králové.  |b Pedagogická fakulta  |7 kn20020422009 
910 2 |a BOA001  |b 2-1332.958 
990 |a BK 
995 |a 01 
991 |b 201410  |c NOV  |e n 
996 6 |b 2610607145  |c 2-1332.958  |l MZK  |r Sklad / do 1 hodiny  |n 6  |p p.v.  |w 001463445  |u 000010  |a 1  |e BOA001  |j MZK50  |s P